000 00676nam a22002297a 4500
005 20170124105944.0
010 _a500531
020 _c00.00
035 _a500531
037 _bCen Lib/Ret
040 _aDPL
_bEN
082 _a331
_bHAN
245 _aA handbook of labour legislation in india /
_ccompiled by N.k. Varkey
260 _bLalvani Publishing House
_c1968
_aBombay
270 _bBombay
_a210, Dr. d.n. road
300 _avii,175p.
_c21cm(Hb)
500 _aIncludes index
650 _aLabour Legislation
_vHandbook
_911899
650 _aIndustrial management
_973944
700 _aVarkey, N.K.
_911901
942 _2ddc
_cEN
_h331
_mHAN
999 _c124776
_d124776